书目信息 |
| 题名: |
数字系统设计基础
|
|
| 作者: | 里恩 , Rhyne 著 ;苏进武 译 | |
| 分册: | ||
| 出版信息: | 上海 上海科学技术出版社 1980 |
|
| 页数: | 545页 | |
| 开本: | 21cm | |
| 丛书名: | ||
| 单 册: | ||
| 中图分类: | TP302.1 | |
| 科图分类: | ||
| 主题词: | 计算机系统:数字系统--系统设计 , 数字系统:计算机系统--系统设计 | |
| 电子资源: | ||
| ISBN: | 13119.781 | |
| 000 | 00907nam0 2200289 450 | |
| 001 | 0180006236 | |
| 005 | 20100712215821.0 | |
| 010 | @a13119.781@dCNY1.95 | |
| 091 | @a13119.781 | |
| 100 | @a19950706d1980 em y0chiy0110 ea | |
| 101 | 1 | @achi@ceng |
| 102 | @aCN@b310000 | |
| 105 | @ay z 000yy | |
| 106 | @ar | |
| 200 | 1 | @a数字系统设计基础@9Shu;Shuo Zi Xi;Ji Tong She Ji Ji Chu @f(美)里恩(V.T. Rhyne)著@g苏进武译 |
| 210 | @a上海@c上海科学技术出版社@d1980 | |
| 215 | @a545页@d21cm | |
| 300 | @a书名原文:Fundamentals of digital systems design | |
| 510 | 1 | @aFundamentals of digital systems design@zeng |
| 606 | 0 | @a计算机系统:数字系统@x系统设计 |
| 606 | 0 | @a数字系统:计算机系统@x系统设计 |
| 690 | @aTP302.1@v3 | |
| 701 | 1 | @a里恩@9li en@bV.T.@4著 |
| 701 | 1 | @aRhyne@bV.T.@4著 |
| 702 | 0 | @a苏进武@9su jin wu@4译 |
| 801 | 0 | @aCN@bAzMarc@c20130904 |
| 905 | @aBZT@dTP302.1@e1@f1@sTP302.1/1 | |
| 数字系统设计基础/(美)里恩(V.T. Rhyne)著/苏进武译.-上海:上海科学技术出版社,1980 |
| 545页;21cm |
| 书名原文:Fundamentals of digital systems design |
| ISBN 13119.781:CNY1.95 |
| ● |
| 相关链接 |
|
|
|
正题名:数字系统设计基础
索取号:TP302.1/1
 
预约/预借
| 序号 | 登录号 | 条形码 | 馆藏地/架位号 | 状态 | 备注 |
| 1 | 2000142350 | 2000142350 | 旧书回溯/ [索取号:TP302.1/1] | 在馆 |